000 01183nas a2200385 4500
001 BR2015001241
003 BR-BrBNA
005 20231205125144.0
007 ta
008 230509b bl.|||p| |||| 00| 00por d
040 _aBR-BrBNA
_bpor
_cBiblioteca Nacional de Agricultura
041 _a(En)
072 _aL10
100 1 _aRodrigues, G.Q.
100 1 _aLima, I.M.T
100 1 _aChaves, R.N.
100 1 _aRosseto, R.
100 1 _aCosta, S.L.
100 1 _aCastro, S.V.
100 1 _aBarros, V.R.P.
100 1 _aMatos, M.H.T.
100 1 _aLopes, C.A.P.
100 1 _aBáo, S.N.
100 1 _aCompello, C.C.
100 1 _aFigueiredo, J.R.
245 1 _aTransforming growth-b (tgf-b)maintains follicular ultrastructure and stimulates preantral follicle growth in caprine ovarian tissue cultured in vitro
650 _aCAPRINO
650 _aFOLÍCULO
650 _aOVÁRIO
650 _aCULTURA IN VITRO
650 _aSOBREVIVÊNCIA
773 0 _tArquivo Brasileiro de Medicina Veterinária e Zootecnia (Brazil)
_xISSN 0102-0935
_g(Apr 2014), v. 66(2) p.411-416
_wBR2015001241
909 _a202311
_bLúcia
_c55
_dLúcia Elande
942 _2AGRIS
_n0
_cANA
999 _c242934
_d242934